Người nghe chuyện trong "Nghìn lẻ một đêm" và "Mười ngày" /

Guardado en:
Detalles Bibliográficos
Autor principal: Nguyễn Ngọc Bảo Trâm.
Formato: Artículo
Lenguaje:Vietnamese
Materias:
Etiquetas: Agregar Etiqueta
Sin Etiquetas, Sea el primero en etiquetar este registro!
Thư viện lưu trữ: Thư viện Trường Đại học Đà Lạt
LEADER 00851nam a2200277 4500
001 DLU170181713
005 ##20171107
040 # # |a DLU  |b vie 
041 # # |a vie 
044 # # |a vn 
100 # # |a Nguyễn Ngọc Bảo Trâm. 
245 # # |a Người nghe chuyện trong "Nghìn lẻ một đêm" và "Mười ngày" /  |c Nguyễn Ngọc Bảo Trâm. 
653 # # |a "Nghìn lẻ một đêm" 
653 # # |a Antoine Galland 
653 # # |a Giovanni Boccaccio 
653 # # |a Người nghe 
653 # # |a Văn xuôi hiện thực 
773 # # |t Nghiên cứu văn học  |g Số 4(518), 2015, tr. 170-179 
920 # # |a Phòng Tạp chí --Trung tâm Thông tin - Thư viện Trường Đại học Đà Lạt 
900 # # |a True 
911 # # |a Lê Thị Hồng 
925 # # |a G 
926 # # |a A 
927 # # |a BB 
980 # # |a Thư viện Trường Đại học Đà Lạt